| 000 | 00451cam a22001574a 4500 | ||
|---|---|---|---|
| 020 | _a9780205854653 | ||
| 020 | _a0205854656 | ||
| 050 | 0 | 0 |
_aJF 51 _b.R54 2013 |
| 100 | 1 |
_aRoskin, Michael, _d1939- |
|
| 245 | 1 | 0 |
_aCountries and concepts : _bpolitics, geography, culture / _cMichael G. Roskin. |
| 250 | _a12th ed. | ||
| 260 |
_aNew York : _bPearson Education, _cc2013. |
||
| 300 | _axxxiv, 505 p. : | ||
| 650 | 0 | _bComparative goverment | |
| 942 |
_2lcc _cGEN |
||
| 999 |
_c6134 _d6134 |
||